000 01333nam0a22003011 4500
001 v19\rc\1578385
005 20260405112956.0
035 _a(NLR Aleph) 004835786
090 _a4769790
_c4769790
100 _a20061002e18931893|||y0rusy50 ca
101 0 _arus
102 _aRU
105 _ay z |||||
200 1 _aСказание о смерти блаженного Константина, митрополита Киевского
_f[Прот. Петр Орлов]
210 _aЧернигов
_cБратство св. Михаила, князя Черниговского
_d1893
215 _a[2], 5 с.
300 _aАвт. указан в конце текста
311 _aИзвлеч. из № 7 "Черниг. епарх. изв." 1893 г.
488 0 _12001#$aЧерниговские епархиальные известия$v1893, № 7
_tЧерниговские епархиальные известия
700 1 _7ca
_8rus
_aОгиевский-Охотский
_bП. Н.
_f1814-1870
_gПетр Николаевич
_926659
_3RU\NLR\AUTH\7743716
702 0 _aКонстантин
_cмитрополит Киевский
_4570
801 0 _aRU
_bNLR
_gpsbo
801 0 _aRU
_bRuMoRGB
_2psbo
801 1 _aRU
_bProSoft-M
_2rusmarc
852 _aNLR
_j18.267.3.196
942 _cBOOK
980 _aNB